00726nam a2200181 a 4500008004100000020001500041050001300056100002200069245009500091250001200186260004300198300001400241350000900255650003900264995009500303999001700398952012900415120416s1992 ||||||||||||||||| || u a0442007922 aNA 1 Gre aGretes, Frances C10aDirectory of international periodicals and newsletters on the built environment. (2nd ed.) a2nd ed. aNew York:bVan Nostrand Reinholdc1992 axx, 442p. a0.00 aBUILDING--PERIODICALS--DIRECTORIES D0.00FCBU-MAIN LIBRARY (Kitwe)H1I0.00M1UAVAILABLEZMain Library Open Access Collection c40240d40240 00102lcc4070a001b001cMain Library Open Access Collectiond2022-11-30l0oNA 1 Grep021073r2022-11-30w2022-11-30y002